|
|
|
|
| LEADER |
00000nam0a2200000 4500 |
| 001 |
346587 |
| 005 |
20231102005912.0 |
| 010 |
|
|
|a 9785392337460
|
| 035 |
|
|
|a (RuTPU)RU\TPU\book\378469
|
| 090 |
|
|
|a 346587
|
| 100 |
|
|
|a 20211021d2021 m y0rusy50 ca
|
| 101 |
0 |
|
|a rus
|
| 102 |
|
|
|a RU
|
| 105 |
|
|
|a a j 001zy
|
| 200 |
1 |
|
|a Проектирование интеллектуальных информационных систем
|e учебное пособие
|f А. А. Харламов
|g Московский государственный лингвистический университет
|
| 210 |
|
|
|a Москва
|c Проспект
|d 2021
|
| 215 |
|
|
|a 73 с.
|c ил.
|
| 320 |
|
|
|a Библиогр.: с. 70-71
|
| 320 |
|
|
|a Список сокращений: с. 71
|
| 330 |
|
|
|a Книга посвящена вопросам моделирования информационной деятельности мозга человека. Краткий экскурс в биологию мозга позволяет понять основные направления последующего моделирования. Представлены математические и информационные модели обработки специфической информации в мозге как параллельной машине: модели обработки информации в колонках коры и ламелях гиппокампа. Описан способ и процесс формирования модели мира человека, включающей в свой состав лингвистический и два многомодальных компонента — схематический и образный. На примере реализации программной системы для автоматического смыслового анализа текстов TextAnalyst, разработанной под руководством автора, показаны основные этапы обработки информации как квазитекстов в мозге. Предпринята попытка реализовать кортикоморфную ассоциативную память колонок коры в микроинтегральном исполнении в виде сверхбольшой интегральной схемы.
|
| 606 |
1 |
|
|a Бионика
|x Кибернетика
|2 stltpush
|3 (RuTPU)RU\TPU\subj\28729
|9 52230
|
| 610 |
1 |
|
|a мозг
|
| 610 |
1 |
|
|a биология
|
| 610 |
1 |
|
|a нейроинформатика
|
| 610 |
1 |
|
|a ассоциативная память
|
| 610 |
1 |
|
|a информация
|
| 610 |
1 |
|
|a структурная обработка
|
| 610 |
1 |
|
|a хранение
|
| 610 |
1 |
|
|a квазитексты
|
| 610 |
1 |
|
|a семантический анализ
|
| 610 |
1 |
|
|a учебные пособия
|
| 675 |
|
|
|a 681.5:57(075.8)
|v 4
|
| 700 |
|
1 |
|a Харламов
|b А. А.
|g Александр Александрович
|
| 712 |
0 |
2 |
|a Московский государственный лингвистический университет
|c (1990- )
|2 stltpush
|3 (RuTPU)RU\TPU\col\4004
|9 23914
|
| 801 |
|
1 |
|a RU
|b 63413507
|c 20211021
|
| 801 |
|
2 |
|a RU
|b 63413507
|c 20220113
|g RCR
|
| 942 |
|
|
|c BK
|
| 959 |
|
|
|a 7/20211021
|d 2
|e 418,00
|f УФ:1
|f ЧЗТЛ:1
|